000 00474nam a2200193Ia 4500
005 20240823044645.0
008 240823s9999||||xx |||||||||||||| ||und||
020 _a978-81-203-3322-2
041 _aENGLISH
082 _A005.1 P8
100 _aMahesh P Matha
245 0 _aObject Oriented Analysis and Design Using UML
250 _a1st
260 _c2008
_b#VALUE!
500 _aYES
650 _aObject oriented
_bComputer Science
942 _cBK
999 _c213115
_d213115